| 000 | 00493nam a2200181Ia 4500 | ||
|---|---|---|---|
| 005 | 20250923144549.0 | ||
| 008 | 008 250917s9999 xx 000 0 eng d | ||
| 037 | _aTextual | ||
| 040 |
_aDSWL _beng _cDSWL |
||
| 041 |
_aeng _2eng |
||
| 084 | _qDSWL | ||
| 100 |
_aSarkar, B.K. _9826135 |
||
| 245 | 0 |
_aPositve background of hindu sociology _cby B.K. Sarkar |
|
| 260 |
_aAllahabad _bPanni Office _c1937 |
||
| 300 | _a697 p. | ||
| 942 | _cTEXL | ||
| 999 |
_c1440555 _d1440555 |
||